| 000 | 01122cam a22001814a 4500 | ||
|---|---|---|---|
| 005 | 20250605163316.0 | ||
| 008 | 250528s ||||||||||||||||||||||||d | ||
| 035 | _a16557 | ||
| 020 | _a9608529700 | ||
| 040 |
_aGR-AtMCL _bgre _dGR-AtMCL _eAACR2 |
||
| 245 | 1 | _aΗ Ευρωπαϊκή Ολοκλήρωση / Η Ελλάδα μετά το Μάαστριχτ | |
| 260 |
_bΈνωση Ελληνικών Ασφαλιστικών Εταιριών, _c1992 |
||
| 300 | _a384 | ||
| 520 | _aΆρθρα σχετικά με τη Συνθήκη για την Ευρωπαϊκή Ένωση και τη Συμμετοχή της Ελλάδος, Η Συνθήκη για την Ευρωπαϊκή Ένωση, Συνεντεύξεις Ελλήνων Ευρωβουλευτών Σχετικά με την Πορεία της Ευρωπαϊκής Ένωσης και το Ρόλο της Ελλάδος, Ομιλίες των Πολιτικών Αρχηγών στη Βουλή των Ελλήνων κατά τη Συζήτηση για την Κύρωση της Συνθήκης. | ||
| 942 | _cBK | ||
| 999 |
_c2049 _d2049 |
||